Rulers of Luxembourg since 963 - Statistics

General Stats
  • This quiz has been taken 10 times
  • The average score is 13 of 15
Answer Stats
Period Ruler % Correct
963 - 1354 County of Luxembourg (HRE)
100%
1354 - 1443 Duchy of Luxembourg (HRE)
100%
1804 - 1815 First French Empire
100%
1795 - 1804 First French Republic
100%
1914 - 1918 German Empire
100%
1815 - 1914 Grand-Duchy of Luxembourg
100%
1918 - 1940 Grand-Duchy of Luxembourg
100%
1945 - Now Grand-Duchy of Luxembourg
100%
1684 - 1697 Kingdom of France
100%
1940 - 1945 Nazi Germany
100%
1713 - 1795 Austrian Netherlands (HRE)
78%
1556 - 1684 Spanish Netherlands (HRE)
78%
1697 - 1713 Spanish Netherlands (HRE)
78%
1443 - 1477 Burgundian Netherlands (HRE)
56%
1477 - 1556 Habsburg Netherlands (HRE)
33%
No matching quizzes found
Score Distribution
Percent of People with Each Score
Percentile by Number Answered
Your Score History
You have not taken this quiz